000 00309nam a2200109Ia 4500
008 220120s9999||||xx |||||||||||||| ||und||
100 _aBeck, Leland, L
245 0 _aSystem software: an introduction to systems programming
260 _aPearson education asia
_bPune
_c2005
300 _b295
650 _aCIRCUIT
999 _c132063
_d132063